Countries most similar to Monaco - Statistics

General Stats
  • This quiz has been taken 32 times
    30 since last reset
  • The average score is 16 of 20
Answer Stats
Rank Country % Correct
1 France
96%
13 Italy
92%
11 Spain
92%
5 San Marino
88%
6 Andorra
85%
4 Switzerland
85%
8 Belgium
81%
15 Ireland
81%
3 Liechtenstein
81%
2 Luxembourg
81%
18 UK
81%
14 Germany
77%
9 Netherlands
77%
20 Portugal
77%
12 Austria
73%
19 Denmark
69%
7 Malta
69%
16 Norway
62%
17 Sweden
62%
10 Iceland
46%
No matching quizzes found
Score Distribution
Percent of People with Each Score
Percentile by Number Answered
Your Score History
You have not taken this quiz since the last reset